000 00823nam a2200217 a 4500
001 58320
003 BD-RjUL
005 20211209080616.0
008 161217s1976 ii ||||| |||| 00| 0 ben d
035 _a(BD-RjUL)58444
040 _aBD-RjUL
_bben
_cBD-RjUL
041 _aben
082 _223
_a320
_bMAA 1976
100 _aমজুমদার, নির্মল কান্তি
_9173214
245 1 0 _aএরিস্টটলের পলিটিক্স = the politics of aristotle /
_cনির্মল কান্তি মজুমদার
260 _aকলিকাতা :
_bপশ্চিমবঙ্গ রাজ্য,
_c১৯৭৬
300 _a২১০ পৃ. ;
_c২১ সেমি.
650 _aরাজনীতি
_9170472
650 _aPolitics
_9171312
942 _2ddc
_cBK
999 _c58320
_d58320